00789cam a2200205 450000500170000000800410001702000140005805000220007224501520009425000120024626000340025830000340029250000230032650600150034965000460036470000430041070000440045370000390049770000470053620190829111521.0190829b mx ||||| |||| 00| 0 spa d a97007164904aHV8073 bI58 200013aLa investigación criminal c/ René González de la Vega, Miguel Oscar Aguilar Ruiz, Gustavo R. Salas Chavez, José Antonio Arenas Villanueva. a2a. ed. aMéxico :bPorrúa, cc2000 axiii, 355 p. :bil. ;c21 cm. aincluye apéndice aFomes 2000 72lembaInvestigación criminal zMéxico1 aGonzález de la Vega, René, eautor1 aAguilar Ruíz, Miguel Óscar, eautor1 aSalas Chávez, Gustavo R.,eautor1 aArenas Villanueva, José Antonio, eautor